Statistics for Survey

Click here to take the quiz!

General Stats

  • This quiz has been taken 14 times
    (10 since last reset)
  • The average score is 1 of 28

Answer Stats

Answer% Correct
Geography
56%
Birds
44%
Art
11%
History
11%
Math
11%
Music
11%
Animals
0%
Authors
0%
Books
0%
Country Flags
0%
Engineering
0%
fiction
0%
fun facts
0%
games
0%
Geography areas
0%
Medical
0%
Minerals
0%
Movies
0%
Nature
0%
Puzzles
0%
Random
0%
School
0%
Science
0%
The Elements
0%
The gym
0%
videogames
0%
What's Dis?
0%
Who Dis?
0%

Score Distribution

Percentile by Number Answered

Percent of People with Each Score

Your Score History

You have not taken this quiz since the last reset